000 00409nmm a2200145Ia 4500
008 251105s9999||||xx |||||||||||||||||und||
041 _aspa
100 _aAlas Clarín, Leopoldo
245 0 _aLa Regenta (I)
264 _a[Madrid, España] :
_bCastalia Ediciones,
_c2011
300 _a596 páginas
650 _aSpanish narrative
856 _uhttps://public.digitaliapublishing.com/a/31063
942 _cCF
999 _c104391
_d104391